Sports Quiz

Random Sports or NFL Quiz

NFL Reception Leaders (Career) Quiz Stats

 Plays Quiz Updated Jan 5, 2021

Support Sporcle.
Go Orange.
Score 0/30 Timer 06:00
8 Plays Today
Receptions Player % Correct
1,549Jerry Rice
97.7%
982Randy Moss
88.6%
1,078Terrell Owens
87.2%
1,062Andre Johnson
83.7%
848Julio Jones
78.1%
886Antonio Brown
77.6%
1,102Marvin Harrison
75.4%
1,031Steve Smith
71.5%
1,432Larry Fitzgerald
70.9%
849Rod Smith
68.6%
862Jimmy Smith
68.6%
1,101Cris Carter
66%
1,325Tony Gonzalez
62.2%
1,094Tim Brown
60.1%
920Torry Holt
56.5%
Receptions Player % Correct
1,024Isaac Bruce
55.2%
903Wes Welker
53.6%
1,228Jason Witten
53.3%
1,000Hines Ward
44.7%
1,076Anquan Boldin
42.2%
940Art Monk
38.7%
951Andre Reed
38.5%
970Brandon Marshall
35.4%
1,070Reggie Wayne
29.6%
943Derrick Mason
28.7%
883Keenan McCardell
19.5%
955Antonio Gates
19.5%
860Muhsin Muhammad
17.4%
851Irving Fryar
16.4%
827Larry Centers
7.3%

From the Vault

NBA Teams Point Leaders (2000s)

by wisedrunker

Sports 15m
I always love the ranges on these quizzes, you either need a couple thousand points or ten thousand to make the list.
Remove Ads.
Support Sporcle.
Get the best of Sporcle when you Go Orange. This ad-free experience offers more features, more stats, and more fun while also helping to support Sporcle. Thank you for becoming a member.

Show Comments

Extras

Top Quizzes Today


Score Distribution

Your Account Isn't Verified!

In order to create a playlist on Sporcle, you need to verify the email address you used during registration. Go to your Sporcle Settings to finish the process.

Report this User

Report this user for behavior that violates our Community Guidelines.

Details: